| 000 | 00665nam a2200169 a 4500 | ||
|---|---|---|---|
| 001 | 000040607 | ||
| 005 | 20201002034240.0 | ||
| 008 | 130903s2012 dr 000 0 spa d | ||
| 020 | _a9789945883237 | ||
| 040 |
_aDO-SdBNP _bspa _cBNPHU |
||
| 100 | 1 |
_aGarcía Santamaría, Martha Olga Georgina _966947 |
|
| 245 | 1 | 0 |
_aAproximación a los derechos fundamentales con trasversalización de género y edad / _cMartha Olga Georgina García Santamaría ; prólogo Rossina de la Cruz. |
| 260 |
_aSanto Domingo : _bPoder Judicial, _c2012. |
||
| 300 |
_a182 p. + CD ; _c24 cm. |
||
| 500 | _aIncluye notas al pie de las páginas | ||
| 700 | 1 |
_aCruz, Rossina de la, _epról. _966948 |
|
| 999 |
_c40097 _d40097 |
||